Statistiken für Länder, die Italien am Nächsten Liegen - 1 Minute Sprint

Klicken Sie hier um das Quiz zu spielen!

Allgemein

  • Dieses Quiz wurde 114 mal gespielt
  • Das Durchschnittsergebnis liegt bei 14 aus 20

Antwortstatistiken

KmLand% Korrekt
0Österreich
99%
0Schweiz
99%
0Frankreich
97%
0Slowenien
94%
0San Marino
91%
45Deutschland
88%
12Kroatien
88%
0Vatikanstadt
88%
68Liechtenstein
82%
81Malta
74%
8Monaco
73%
73Albanien
72%
153Bosnien und
Herzegowina
64%
78Griechenland
57%
174Montenegro
52%
188Ungarn
49%
218Tschechien
36%
71Tunesien
36%
214Algerien
30%
204Mazedonien
27%

Verteilung der Resultate

Perzentil nach korrekt beantworteten Fragen

Anzahl Personen mit jedem Resultat

Ihre Resultats-Entwicklung

Sie haben dieses Quiz noch nicht gespielt